[Event "2. BUNDESLIGA MITTE 2019/2020"]
[Site "Taufkirchen"]
[Date "2019.11.09"]
[Round "5"]
[Board "4"]
[White "Heimberger, Reinhard"]
[Black "Postlmayer, Jakob"]
[Result "0-1"]
[WhiteElo "2238"]
[BlackElo "2204"]
[PlyCount "128"]
[EventDate "2019.10.11"]
[EventType "team"]
[EventRounds "11"]
[EventCountry "AUT"]
[WhiteTeam "ASK St. Valentin"]
[BlackTeam "SPG Freistadt/Wartberg"]

1. d4 d5 2. g3 c5 3. dxc5 e6 4. Bg2 Bxc5 5. Nf3 Nf6 6. O-O O-O 7. Bg5 h6 8. Bf4
Qb6 9. Be5 Ne4 10. Bd4 Nc6 11. Bxc5 Qxc5 12. Nbd2 Rd8 13. Nb3 Qb6 14. e3 e5 15.
Qe2 Be6 16. Nfd2 Nxd2 17. Qxd2 d4 18. exd4 Nxd4 19. Nxd4 Rxd4 20. Qe3 Qxb2 21.
Rab1 Qxa2 22. Rxb7 Bd5 23. Qxe5 Bxb7 24. Qxd4 Bxg2 25. Kxg2 Qxc2 26. Qd5 Rb8
27. Re1 Qc7 28. h4 Rd8 29. Qb5 Kf8 30. Ra1 Qb6 31. Qf5 Kg8 32. Re1 Qb4 33. Ra1
Qb7+ 34. Qf3 Qxf3+ 35. Kxf3 Rd7 36. Kg4 Kf8 37. h5 Ke7 38. Ra6 Kd8 39. f4 Kc8
40. Kf3 Kb7 41. Ra3 Kb6 42. g4 f6 43. Rb3+ Kc5 44. Rb8 a5 45. Ra8 Kb4 46. Rb8+
Ka3 47. Ke4 a4 48. Kf5 Ka2 49. Rb5 a3 50. g5 fxg5 51. fxg5 hxg5 52. Kxg5 Rd2
53. Kg6 Rg2+ 54. Kf7 Ka1 55. Kg8 a2 56. Kh7 Rb2 57. Rg5 Rb7 58. Rg1+ Kb2 59.
Rg2+ Ka3 60. Rg1 Kb2 61. Rg2+ Kb3 62. Rg1 Rb5 63. Kg6 Kb2 64. Rg2+ Ka3  0-1

[Event "2. BUNDESLIGA MITTE 2019/2020"]
[Site "Taufkirchen"]
[Date "2019.11.09"]
[Round "5"]
[Board "5"]
[White "Rechberger, Franz"]
[Black "Casagrande, Harald"]
[Result "1/2-1/2"]
[WhiteElo "2117"]
[BlackElo "2301"]
[PlyCount "105"]
[EventDate "2019.10.11"]
[EventType "team"]
[EventRounds "11"]
[EventCountry "AUT"]
[WhiteTeam "SPG Freistadt/Wartberg"]
[BlackTeam "ASK St. Valentin"]

1. e4 c6 2. d4 d5 3. Nd2 dxe4 4. Nxe4 Nd7 5. Nf3 Ndf6 6. Ng3 Bg4 7. Be2 Bxf3 8.
Bxf3 e6 9. O-O Bd6 10. Re1 Ne7 11. c3 h6 12. Ne4 Nxe4 13. Bxe4 Qc7 14. h3 Bh2+
15. Kh1 Bf4 16. Bxf4 Qxf4 17. Qf3 Qxf3 18. Bxf3 O-O-O 19. Be4 Nd5 20. Kg1 Rd7
21. Rad1 Rhd8 22. Bc2 b5 23. Bb3 Kc7 24. g3 a5 25. a3 a4 26. Bxd5 Rxd5 27. Rd3
c5 28. Rf3 R8d7 29. dxc5 Rd2 30. c4 bxc4 31. Re4 R2d4 32. Rff4 e5 33. Rxe5 Rxf4
34. gxf4 Kc6 35. Re2 Kxc5 36. Kg2 Rb7 37. Rc2 Kd4 38. Rd2+ Ke4 39. Rc2 Kd3 40.
Rc3+ Kd4 41. Rc2 f5 42. Rd2+ Ke4 43. f3+ Ke3 44. Rc2 Kd3 45. Rc3+ Kd4 46. Rc2
c3 47. bxc3+ Kd3 48. Rc1 Kd2 49. Ra1 Kxc3 50. Kg3 Kb2 51. Re1 Kxa3 52. Ra1+ Kb2
53. Rxa4  1/2-1/2

[Event "2. BUNDESLIGA MITTE 2019/2020"]
[Site "Taufkirchen"]
[Date "2019.11.09"]
[Round "5"]
[Board "6"]
[White "Kranzl, Peter"]
[Black "Traunwieser, Georg"]
[Result "1/2-1/2"]
[WhiteElo "2155"]
[BlackElo "2064"]
[PlyCount "83"]
[EventDate "2019.10.11"]
[EventType "team"]
[EventRounds "11"]
[EventCountry "AUT"]
[WhiteTeam "ASK St. Valentin"]
[BlackTeam "SPG Freistadt/Wartberg"]

1. Nf3 g6 2. g3 Bg7 3. Bg2 d6 4. O-O e5 5. e4 Nc6 6. c3 Nge7 7. d4 O-O 8. Na3
Bg4 9. d5 Nb8 10. Qd3 Qc8 11. Ne1 f5 12. f3 fxe4 13. fxe4 h6 14. Nc4 Nd7 15. b4
Nf6 16. a4 Kh8 17. Ra2 Qd7 18. Ne3 Bh3 19. a5 Bxg2 20. Kxg2 h5 21. Raf2 Neg8
22. h3 Qa4 23. Qb1 Qd7 24. Nf3 Ne7 25. c4 Nh7 26. Ng1 Rxf2+ 27. Rxf2 Ng8 28.
Qc2 Rf8 29. Rxf8 Bxf8 30. Nd1 Ngf6 31. Nc3 c6 32. Qa4 cxd5 33. Qxd7 Nxd7 34.
Nxd5 Nhf6 35. Nxf6 Nxf6 36. Kf3 Kg7 37. Bd2 Be7 38. Ne2 Nd7 39. Nc3 Bd8 40. Nd5
Nf6 41. Nxf6 Bxf6 42. h4  1/2-1/2

[Event "2. BUNDESLIGA MITTE 2019/2020"]
[Site "Taufkirchen"]
[Date "2019.11.09"]
[Round "5"]
[Board "1"]
[White "Nemeth, Miklos"]
[Black "Kadric, Denis"]
[Result "0-1"]
[WhiteElo "2487"]
[BlackElo "2588"]
[PlyCount "78"]
[EventDate "2019.10.11"]
[EventType "team"]
[EventRounds "11"]
[EventCountry "AUT"]
[WhiteTeam "SV Steyregg"]
[BlackTeam "SC Pinggau-Friedberg"]

1. e4 d6 2. d4 Nf6 3. Nc3 e5 4. Nge2 Nbd7 5. g3 Be7 6. Bg2 O-O 7. O-O c6 8. a4
b6 9. h3 h5 10. Bg5 a6 11. f4 Bb7 12. Qd2 Re8 13. d5 b5 14. dxc6 Bxc6 15. Nd5
Bxd5 16. exd5 Nh7 17. Bxe7 Qxe7 18. axb5 axb5 19. Rxa8 Rxa8 20. Qb4 Nhf6 21.
Re1 exf4 22. Nxf4 Ne5 23. Kh1 Qc7 24. Qb3 Qc5 25. Nd3 Nxd3 26. Qxd3 Qb4 27. Rb1
Re8 28. c3 Qc5 29. Qd2 Ne4 30. Bxe4 Rxe4 31. Kg2 Re5 32. Rd1 Qc4 33. Kf2 Qc8
34. Kg2 Qe8 35. Kf2 Qd7 36. Kg2 Qe7 37. Kf2 Rf5+ 38. Kg1 Rf3 39. Kh2 Qe5  0-1

[Event "2. BUNDESLIGA MITTE 2019/2020"]
[Site "Taufkirchen"]
[Date "2019.11.09"]
[Round "5"]
[Board "2"]
[White "Ftacnik, Lubomir"]
[Black "Kovacs, Gabor"]
[Result "1/2-1/2"]
[WhiteElo "2521"]
[BlackElo "2457"]
[PlyCount "49"]
[EventDate "2019.10.11"]
[EventType "team"]
[EventRounds "11"]
[EventCountry "AUT"]
[WhiteTeam "SC Pinggau-Friedberg"]
[BlackTeam "SV Steyregg"]

1. c4 e6 2. Nf3 d5 3. b3 Nf6 4. Bb2 Be7 5. g3 O-O 6. Bg2 b6 7. O-O Bb7 8. cxd5
Nxd5 9. d4 Nd7 10. Nbd2 N5f6 11. Rc1 Rc8 12. Nc4 c5 13. e3 Rc7 14. Qe2 Qa8 15.
dxc5 Nxc5 16. b4 Na6 17. a3 Rcc8 18. Nce5 Nb8 19. Rfd1 Bd5 20. b5 Qb7 21. Ne1
Bxg2 22. Nxg2 Rxc1 23. Rxc1 Rc8 24. Rxc8+ Qxc8 25. Nf3  1/2-1/2

[Event "2. BUNDESLIGA MITTE 2019/2020"]
[Site "Taufkirchen"]
[Date "2019.11.09"]
[Round "5"]
[Board "3"]
[White "Meyer, Gordon"]
[Black "Milanovic, Danilo"]
[Result "0-1"]
[WhiteElo "2211"]
[BlackElo "2455"]
[PlyCount "76"]
[EventDate "2019.10.11"]
[EventType "team"]
[EventRounds "11"]
[EventCountry "AUT"]
[WhiteTeam "SV Steyregg"]
[BlackTeam "SC Pinggau-Friedberg"]

1. e4 d5 2. exd5 Qxd5 3. Nc3 Qd8 4. Bc4 Nf6 5. Nf3 c6 6. d4 b5 7. Bb3 e6 8. O-O
Be7 9. Ne5 a5 10. a4 b4 11. Ne2 O-O 12. Bg5 Bb7 13. Qe1 Nbd7 14. Nf4 Nxe5 15.
dxe5 Nd5 16. Bxe7 Qxe7 17. Qe4 Rfd8 18. Bc4 c5 19. Nh5 Qg5 20. Ng3 Rab8 21. f4
Qh4 22. Bd3 c4 23. Be2 c3 24. b3 Nf6 25. Qc4 Ng4 26. Bxg4 Qxg4 27. Qc7 h5 28.
Rad1 Rdc8 29. Qxa5 h4 30. Rd7 hxg3 31. hxg3 Qxg3 32. Rf2 Qe3 33. f5 exf5 34.
Qxb4 Bc6 35. Qd4 Qc1+ 36. Rf1 Qxc2 37. Rf2 Qc1+ 38. Rf1 Qg5  0-1

[Event "2. BUNDESLIGA MITTE 2019/2020"]
[Site "Taufkirchen"]
[Date "2019.11.09"]
[Round "5"]
[Board "4"]
[White "Schnider, Gert"]
[Black "Enoeckl, Philipp"]
[Result "1-0"]
[WhiteElo "2423"]
[BlackElo "2283"]
[PlyCount "49"]
[EventDate "2019.10.11"]
[EventType "team"]
[EventRounds "11"]
[EventCountry "AUT"]
[WhiteTeam "SC Pinggau-Friedberg"]
[BlackTeam "SV Steyregg"]

1. e4 e6 2. d4 d5 3. Nc3 Bb4 4. a3 Bxc3+ 5. bxc3 Ne7 6. Bd3 b6 7. Nf3 Ba6 8.
Bxa6 Nxa6 9. Qd3 dxe4 10. Qxe4 Qd5 11. Qd3 Nb8 12. O-O Nbc6 13. Re1 O-O 14. Bf4
Qf5 15. Bxc7 Rac8 16. Bg3 Rfd8 17. Rab1 Rd5 18. Nd2 Ra5 19. Bd6 Ra4 20. Ne4 Qg6
21. Bb4 a6 22. Bxe7 Nxe7 23. Rxb6 a5 24. Rb3 Nd5 25. Nc5  1-0

[Event "2. BUNDESLIGA MITTE 2019/2020"]
[Site "Taufkirchen"]
[Date "2019.11.09"]
[Round "5"]
[Board "5"]
[White "Wiesinger, Robert"]
[Black "Mahdy, Khaled"]
[Result "1/2-1/2"]
[WhiteElo "2230"]
[BlackElo "2376"]
[PlyCount "60"]
[EventDate "2019.10.11"]
[EventType "team"]
[EventRounds "11"]
[EventCountry "AUT"]
[WhiteTeam "SV Steyregg"]
[BlackTeam "SC Pinggau-Friedberg"]

1. e4 e5 2. Nf3 Nc6 3. Bc4 Be7 4. d4 d6 5. dxe5 Nxe5 6. Nxe5 dxe5 7. Qh5 g6 8.
Qxe5 Nf6 9. Bh6 Rg8 10. Bg5 Ng4 11. Qxe7+ Qxe7 12. Bxe7 Kxe7 13. Nc3 c6 14. a4
Ne5 15. Bb3 g5 16. O-O-O Rg6 17. f3 Rf6 18. Ne2 Rh6 19. h3 Be6 20. Rhe1 Rf6 21.
Ng3 Re8 22. Rd2 Kf8 23. Red1 Ke7 24. a5 Bc8 25. Kb1 Rh8 26. Re2 Rd6 27. Kc1
Rxd1+ 28. Kxd1 h5 29. Nf1 Bd7 30. Ng3 Bc8  1/2-1/2

[Event "2. BUNDESLIGA MITTE 2019/2020"]
[Site "Taufkirchen"]
[Date "2019.11.09"]
[Round "5"]
[Board "6"]
[White "Schieder, Andreas"]
[Black "Stolz, Julius"]
[Result "1-0"]
[WhiteElo "2188"]
[BlackElo "2130"]
[PlyCount "31"]
[EventDate "2019.10.11"]
[EventType "team"]
[EventRounds "11"]
[EventCountry "AUT"]
[WhiteTeam "SC Pinggau-Friedberg"]
[BlackTeam "SV Steyregg"]

1. d4 Nf6 2. Bg5 d5 3. e3 c5 4. Nc3 e6 5. Bd3 cxd4 6. exd4 Nc6 7. Nf3 Be7 8.
O-O O-O 9. a3 Bd7 10. Re1 Rc8 11. Qd2 h6 12. Bxh6 gxh6 13. Qxh6 Ne4 14. Nxe4
dxe4 15. Rxe4 f5 16. Rg4+  1-0

[Event "2. BUNDESLIGA MITTE 2019/2020"]
[Site "Taufkirchen"]
[Date "2019.11.09"]
[Round "5"]
[Board "1"]
[White "Renner, Christoph"]
[Black "Haba, Petr"]
[Result "0-1"]
[WhiteElo "2311"]
[BlackElo "2470"]
[PlyCount "56"]
[EventDate "2019.10.11"]
[EventType "team"]
[EventRounds "11"]
[EventCountry "AUT"]
[WhiteTeam "SPG Sauwald"]
[BlackTeam "SPG Sparkasse SEDDA Grieskirchen/Schalle"]

1. e4 c6 2. d4 d5 3. exd5 cxd5 4. Bd3 Nc6 5. c3 Qc7 6. h3 g6 7. Ne2 Bf5 8. Bxf5
gxf5 9. Bf4 Qd7 10. Nd2 Nf6 11. O-O Rg8 12. Rc1 Nh5 13. c4 Nxf4 14. Nxf4 Bh6
15. Nxd5 O-O-O 16. Rc3 e6 17. Nf6 Rxg2+ 18. Kxg2 Qxd4 19. Nd5 Bxd2 20. Rc2 Bh6
21. Qxd4 Nxd4 22. Rc3 exd5 23. Rd1 Ne2 24. Rc2 Nf4+ 25. Kf3 d4 26. b4 d3 27.
Rb2 Ng6 28. Kg2 Ne5  0-1

[Event "2. BUNDESLIGA MITTE 2019/2020"]
[Site "Taufkirchen"]
[Date "2019.11.09"]
[Round "5"]
[Board "2"]
[White "Kilgus, Georg"]
[Black "Testor, Sebastian"]
[Result "1/2-1/2"]
[WhiteElo "2438"]
[BlackElo "2332"]
[PlyCount "81"]
[EventDate "2019.10.11"]
[EventType "team"]
[EventRounds "11"]
[EventCountry "AUT"]
[WhiteTeam "SPG Sparkasse SEDDA Grieskirchen/Schalle"]
[BlackTeam "SPG Sauwald"]

1. e4 e6 2. d4 d5 3. Nd2 c5 4. Ngf3 cxd4 5. Nxd4 Nf6 6. exd5 exd5 7. Bb5+ Bd7
8. Bxd7+ Qxd7 9. O-O Be7 10. N2b3 O-O 11. Bf4 Na6 12. c3 b6 13. Qc2 Nc5 14.
Rfe1 Rfe8 15. Rad1 Bf8 16. Rxe8 Qxe8 17. Bg5 Nfe4 18. Bh4 Nd6 19. Nf3 Qe4 20.
Nbd4 Re8 21. Kf1 Nc4 22. b3 Ne5 23. Re1 Qxc2 24. Nxc2 f6 25. Bg3 Ncd3 26. Rd1
Rc8 27. Nxe5 Nxe5 28. Bxe5 fxe5 29. Rxd5 Rxc3 30. Ne1 Rc1 31. Ke2 Ra1 32. Rd2
Rxe1+ 33. Kxe1 Bb4 34. Ke2 Bxd2 35. Kxd2 Kf7 36. Kd3 Ke6 37. Ke4 b5 38. a3 a5
39. h4 a4 40. b4 g6 41. f3  1/2-1/2

[Event "2. BUNDESLIGA MITTE 2019/2020"]
[Site "Taufkirchen"]
[Date "2019.11.09"]
[Round "5"]
[Board "3"]
[White "Taggatz, Mario"]
[Black "Schwabeneder, Florian"]
[Result "0-1"]
[WhiteElo "2207"]
[BlackElo "2401"]
[PlyCount "62"]
[EventDate "2019.10.11"]
[EventType "team"]
[EventRounds "11"]
[EventCountry "AUT"]
[WhiteTeam "SPG Sauwald"]
[BlackTeam "SPG Sparkasse SEDDA Grieskirchen/Schalle"]

1. Nf3 d5 2. e3 Nf6 3. c4 e6 4. b3 Bd6 5. Bb2 b6 6. cxd5 exd5 7. Nc3 a6 8. d4
Nbd7 9. g3 O-O 10. Bg2 Bb7 11. O-O Re8 12. Rc1 Rc8 13. Nh4 Bf8 14. a3 c6 15. b4
a5 16. b5 c5 17. Nf3 cxd4 18. exd4 Ne4 19. Nxe4 dxe4 20. Ne5 Nxe5 21. dxe5 Rxc1
22. Qxc1 Qd7 23. a4 Rc8 24. Qd1 Qe6 25. Bd4 g6 26. Qe2 Bc5 27. Bxe4 Bxe4 28.
Qxe4 Qc4 29. e6 fxe6 30. Qb7 Bxd4 31. Rd1 Rf8  0-1

[Event "2. BUNDESLIGA MITTE 2019/2020"]
[Site "Taufkirchen"]
[Date "2019.11.09"]
[Round "5"]
[Board "4"]
[White "Webersberger, Johann"]
[Black "Hiermann, Dietmar"]
[Result "1-0"]
[WhiteElo "2367"]
[BlackElo "2239"]
[PlyCount "81"]
[EventDate "2019.10.11"]
[EventType "team"]
[EventRounds "11"]
[EventCountry "AUT"]
[WhiteTeam "SPG Sparkasse SEDDA Grieskirchen/Schalle"]
[BlackTeam "SPG Sauwald"]

1. d4 d5 2. Nc3 Nf6 3. Bg5 Bf5 4. Bxf6 exf6 5. e3 Bb4 6. Nge2 O-O 7. a3 Be7 8.
Ng3 Be6 9. Bd3 g6 10. Qf3 f5 11. Nge2 c6 12. h3 Bd6 13. O-O-O Nd7 14. Rdg1 Qf6
15. Nf4 Rfe8 16. Nce2 Kf8 17. g4 Ke7 18. gxf5 Bxf5 19. Nh5 gxh5 20. Bxf5 h4 21.
Nc3 Rg8 22. Qh5 Rxg1+ 23. Rxg1 Nf8 24. e4 Qxd4 25. exd5 Qxf2 26. Qg5+ Ke8 27.
Kb1 Bg3 28. Rd1 Ng6 29. dxc6 bxc6 30. Ne4 Qe2 31. Nf6+ Kf8 32. Rd7 Bf4 33.
Nxh7+ Kg8 34. Nf6+ Kf8 35. Nh7+ Kg8 36. Nf6+ Kf8 37. Rxf7+ Kxf7 38. Qxg6+ Ke7
39. Qg7+ Kd6 40. Ne4+ Kd5 41. Nc3+  1-0

[Event "2. BUNDESLIGA MITTE 2019/2020"]
[Site "Taufkirchen"]
[Date "2019.11.09"]
[Round "5"]
[Board "5"]
[White "Hellmayr, Alois"]
[Black "Singer, Christoph"]
[Result "1/2-1/2"]
[WhiteElo "2242"]
[BlackElo "2338"]
[PlyCount "66"]
[EventDate "2019.10.11"]
[EventType "team"]
[EventRounds "11"]
[EventCountry "AUT"]
[WhiteTeam "SPG Sauwald"]
[BlackTeam "SPG Sparkasse SEDDA Grieskirchen/Schalle"]

1. Nf3 d5 2. g3 Nd7 3. d4 Ngf6 4. Bg2 b5 5. a4 b4 6. c3 bxc3 7. bxc3 e6 8. a5
Bd6 9. c4 Bb4+ 10. Bd2 Bxd2+ 11. Nbxd2 c5 12. O-O O-O 13. Qa4 Ba6 14. Rfc1 Rc8
15. cxd5 exd5 16. dxc5 Nxc5 17. Qd4 Qe7 18. e3 Rfe8 19. Bf1 Bxf1 20. Kxf1 Nfe4
21. Kg2 Red8 22. Rab1 h6 23. Rb5 Ne6 24. Qb2 Rxc1 25. Qxc1 Qd7 26. Qb2 Nxd2 27.
Nxd2 d4 28. e4 Nf4+ 29. gxf4 Qg4+ 30. Kh1 Qd1+ 31. Kg2 Qg4+ 32. Kh1 Qd1+ 33.
Kg2 Qg4+  1/2-1/2

[Event "2. BUNDESLIGA MITTE 2019/2020"]
[Site "Taufkirchen"]
[Date "2019.11.09"]
[Round "5"]
[Board "6"]
[White "Lentrodt, Thomas"]
[Black "Zauner, Christoph"]
[Result "0-1"]
[WhiteElo "2251"]
[BlackElo "1980"]
[PlyCount "110"]
[EventDate "2019.10.11"]
[EventType "team"]
[EventRounds "11"]
[EventCountry "AUT"]
[WhiteTeam "SPG Sparkasse SEDDA Grieskirchen/Schalle"]
[BlackTeam "SPG Sauwald"]

1. d4 f5 2. e4 fxe4 3. Nc3 Nf6 4. Bg5 c6 5. Qd2 d5 6. f3 Bf5 7. O-O-O Nbd7 8.
Nge2 exf3 9. gxf3 Qa5 10. Ng3 Bg6 11. Bd3 Bxd3 12. Qxd3 O-O-O 13. Rhe1 Kb8 14.
Kb1 g6 15. Re6 Rg8 16. Rde1 Rg7 17. Nge2 Rf7 18. Nc1 Re8 19. Qd2 Nh5 20. Nd3
Ka8 21. a3 a6 22. Ka2 Ng7 23. R6e2 Nf5 24. Be3 Bg7 25. Nc1 e5 26. Nb3 Qd8 27.
Bg5 Bf6 28. Bxf6 Qxf6 29. dxe5 Rxe5 30. Rxe5 Nxe5 31. Nc5 Re7 32. Qf4 Nc4 33.
Rxe7 Qxe7 34. b3 Qxc5 35. bxc4 Qxc4+ 36. Qxc4 dxc4 37. Ne2 b5 38. Kb2 Kb7 39.
c3 Kc7 40. Kc2 Kd6 41. Kd2 Ke5 42. Ng1 c5 43. Nh3 h6 44. Nf2 a5 45. Ne4 Kd5 46.
Nf6+ Kc6 47. f4 b4 48. a4 Ne7 49. Ng4 h5 50. Ne3 Nd5 51. cxb4 c3+ 52. Ke2 axb4
53. Nc4 Nxf4+ 54. Kd1 Nd3 55. Kc2 Ne1+  0-1

[Event "2. BUNDESLIGA MITTE 2019/2020"]
[Site "Taufkirchen"]
[Date "2019.11.09"]
[Round "5"]
[Board "1"]
[White "Rogic, Davor"]
[Black "Heinemann, Thies"]
[Result "0-1"]
[WhiteElo "2494"]
[BlackElo "2501"]
[PlyCount "131"]
[EventDate "2019.10.11"]
[EventType "team"]
[EventRounds "11"]
[EventCountry "AUT"]
[WhiteTeam "SV Aspernig Transporte St. Veit 2"]
[BlackTeam "EJ Gleisdorf"]

1. e4 c5 2. Nf3 d6 3. Bc4 Nf6 4. d3 Nc6 5. O-O g6 6. c3 Bg7 7. Bb3 O-O 8. Re1
Ne8 9. h3 e5 10. Be3 Nc7 11. Na3 b6 12. Qd2 Be6 13. Ba4 Bd7 14. Bg5 Bf6 15. Bh6
Re8 16. Bb3 Be6 17. Nc4 d5 18. Ne3 dxe4 19. dxe4 Bxb3 20. axb3 Qxd2 21. Nxd2
Bg7 22. Bg5 f6 23. Bh4 Rad8 24. Ndc4 Rd7 25. Red1 Red8 26. Rxd7 Rxd7 27. Kf1
Kf7 28. Ke2 h5 29. g4 hxg4 30. hxg4 Ke6 31. Rh1 Rd8 32. Bg3 Rh8 33. Ra1 Rd8 34.
Ng2 Bh6 35. Rh1 Bg5 36. f4 exf4 37. Bxf4 Nb5 38. Bxg5 fxg5 39. Rh6 Rg8 40. Rh7
Re8 41. Ne1 Nd6 42. Nd2 Nxe4 43. Nef3 Nf6 44. Rg7 Nxg4 45. Ne4 Kf5 46. Nfxg5
Re7 47. Rg8 Rxe4+ 48. Nxe4 Kxe4 49. Rxg6 Nge5 50. Rg7 Na5 51. Rxa7 Nxb3 52. Rb7
Nc4 53. Re7+ Kd5 54. Kd3 Na1 55. Rd7+ Kc6 56. Ra7 Nxb2+ 57. Kd2 Nc4+ 58. Kd3
Na5 59. Rh7 Kb5 60. Rh6 c4+ 61. Kd2 N5b3+ 62. Kd1 Nc5 63. Rh8 Ne4 64. Kc1 Nb3+
65. Kc2 Nec5 66. Re8  0-1

[Event "2. BUNDESLIGA MITTE 2019/2020"]
[Site "Taufkirchen"]
[Date "2019.11.09"]
[Round "5"]
[Board "2"]
[White "Frosch, Ronald"]
[Black "Drnovsek, Gal"]
[Result "0-1"]
[WhiteElo "2261"]
[BlackElo "2394"]
[PlyCount "78"]
[EventDate "2019.10.11"]
[EventType "team"]
[EventRounds "11"]
[EventCountry "AUT"]
[WhiteTeam "EJ Gleisdorf"]
[BlackTeam "SV Aspernig Transporte St. Veit 2"]

1. d4 Nf6 2. Nf3 d5 3. e3 c5 4. b3 cxd4 5. exd4 g6 6. Bd3 Bg7 7. Bb2 Nc6 8. O-O
O-O 9. a3 Ne4 10. Re1 Nd6 11. Nbd2 Bf5 12. Nf1 b5 13. Ne3 Bxd3 14. Qxd3 e6 15.
a4 b4 16. c4 bxc3 17. Ba3 a5 18. Qxc3 Rc8 19. Qd3 Re8 20. Rac1 Ne4 21. Rc2 Bf8
22. Bxf8 Rxf8 23. Qb5 Nd6 24. Qf1 Qb6 25. Rec1 Nxd4 26. Nxd4 Qxd4 27. Rxc8 Rxc8
28. Rxc8+ Nxc8 29. Qb5 Qa1+ 30. Nf1 Qc3 31. h4 h5 32. Qd7 Kg7 33. g3 Qc5 34.
Ne3 Nb6 35. Qd8 d4 36. Nc4 Nxc4 37. bxc4 e5 38. Qe8 d3 39. Kf1 Qd4  0-1

[Event "2. BUNDESLIGA MITTE 2019/2020"]
[Site "Taufkirchen"]
[Date "2019.11.09"]
[Round "5"]
[Board "3"]
[White "Mazi, Leon"]
[Black "Wanderer, Thomas"]
[Result "1-0"]
[WhiteElo "2326"]
[BlackElo "2229"]
[PlyCount "103"]
[EventDate "2019.10.11"]
[EventType "team"]
[EventRounds "11"]
[EventCountry "AUT"]
[WhiteTeam "SV Aspernig Transporte St. Veit 2"]
[BlackTeam "EJ Gleisdorf"]

1. e4 c5 2. Nf3 e6 3. d4 cxd4 4. Nxd4 Bc5 5. Nb3 Bb6 6. Nc3 Ne7 7. Bf4 d5 8.
exd5 exd5 9. Qd2 Nbc6 10. O-O-O Be6 11. Na4 Bc7 12. Nac5 b6 13. Bxc7 Qxc7 14.
Nxe6 fxe6 15. f4 O-O 16. g3 a5 17. a4 e5 18. fxe5 Nxe5 19. Bb5 Rac8 20. Nd4 Nf3
21. Nxf3 Rxf3 22. Rhe1 Qc5 23. Re2 Rcf8 24. Qd4 Qxd4 25. Rxd4 Rf1+ 26. Rd1
Rxd1+ 27. Kxd1 Kf7 28. Kd2 Rd8 29. Rf2+ Ke6 30. Bf1 g6 31. Bh3+ Nf5 32. Kd3 Ke5
33. Bxf5 gxf5 34. Re2+ Kd6 35. Kd4 Rg8 36. Rf2 Re8 37. Rxf5 Re4+ 38. Kd3 Rxa4
39. Rh5 Kc5 40. Rxh7 Rd4+ 41. Ke3 Re4+ 42. Kf3 a4 43. Rh4 Re1 44. Rxa4 Rc1 45.
Ra8 Kd4 46. Rc8 Rf1+ 47. Kg4 Ke3 48. h4 d4 49. h5 Rh1 50. Kg5 Kf3 51. g4 Rg1
52. Rf8+  1-0

[Event "2. BUNDESLIGA MITTE 2019/2020"]
[Site "Taufkirchen"]
[Date "2019.11.09"]
[Round "5"]
[Board "4"]
[White "Manhardt, Thomas"]
[Black "Dietmayer-Kraeutler, Marco"]
[Result "1/2-1/2"]
[WhiteElo "2289"]
[BlackElo "2342"]
[PlyCount "61"]
[EventDate "2019.10.11"]
[EventType "team"]
[EventRounds "11"]
[EventCountry "AUT"]
[WhiteTeam "EJ Gleisdorf"]
[BlackTeam "SV Aspernig Transporte St. Veit 2"]

1. e4 e5 2. Nf3 Nc6 3. d4 exd4 4. Nxd4 Bc5 5. Nb3 Bb6 6. Nc3 a5 7. a4 Nf6 8.
Qe2 O-O 9. Be3 Bxe3 10. Qxe3 Re8 11. O-O-O Qe7 12. f3 Nb4 13. g4 c6 14. Qd2 d5
15. g5 Nh5 16. exd5 cxd5 17. Bb5 Rd8 18. Rhe1 Be6 19. Nd4 Qd6 20. Re3 Nf4 21.
Rde1 Rac8 22. Kb1 Nc6 23. Bxc6 bxc6 24. Re5 Ng6 25. R5e3 Bd7 26. Nb3 Bf5 27.
Nd4 Bd7 28. Nb3 Bf5 29. Nd4 Bd7 30. Nb3 Bf5 31. Nd4  1/2-1/2

[Event "2. BUNDESLIGA MITTE 2019/2020"]
[Site "Taufkirchen"]
[Date "2019.11.09"]
[Round "5"]
[Board "5"]
[White "Ragger, Anna-Christina"]
[Black "Frosch, Erich"]
[Result "1-0"]
[WhiteElo "2238"]
[BlackElo "2188"]
[PlyCount "47"]
[EventDate "2019.10.11"]
[EventType "team"]
[EventRounds "11"]
[EventCountry "AUT"]
[WhiteTeam "SV Aspernig Transporte St. Veit 2"]
[BlackTeam "EJ Gleisdorf"]

1. e4 e5 2. Nf3 Nc6 3. Nc3 d6 4. d4 exd4 5. Nxd4 Be7 6. Nd5 Nf6 7. Bb5 Bd7 8.
Nxe7 Qxe7 9. O-O Nxd4 10. Bxd7+ Kxd7 11. Qxd4 Qxe4 12. Qc3 Rae8 13. a4 Re5 14.
b4 Rhe8 15. Qb3 R8e6 16. a5 d5 17. Be3 a6 18. Rad1 Kc8 19. Rd4 Qf5 20. Rfd1 c6
21. h3 Re4 22. Qc3 Ne8 23. Rxd5 Qf6 24. Qxf6  1-0

[Event "2. BUNDESLIGA MITTE 2019/2020"]
[Site "Taufkirchen"]
[Date "2019.11.09"]
[Round "5"]
[Board "6"]
[White "Wegerer, Fred"]
[Black "Hebesberger, Thomas"]
[Result "0-1"]
[WhiteElo "2166"]
[BlackElo "2241"]
[PlyCount "122"]
[EventDate "2019.10.11"]
[EventType "team"]
[EventRounds "11"]
[EventCountry "AUT"]
[WhiteTeam "EJ Gleisdorf"]
[BlackTeam "SV Aspernig Transporte St. Veit 2"]

1. e3 Nf6 2. b3 b6 3. Bb2 Bb7 4. Nf3 e6 5. Be2 Be7 6. O-O O-O 7. d3 c5 8. Nbd2
d5 9. Ne5 Nbd7 10. Ndf3 Qc7 11. h3 Rac8 12. c4 Bd6 13. Nxd7 Nxd7 14. Qc2 e5 15.
cxd5 Bxd5 16. Rac1 Rfe8 17. Nd2 Nf6 18. Ne4 Be7 19. Ng3 Bf8 20. Ne4 Nxe4 21.
dxe4 Bc6 22. Rfd1 Qb7 23. f3 b5 24. a3 f6 25. Kf2 Bd7 26. Qd3 Bc6 27. Qc3 a6
28. g4 Bd7 29. Rd5 Be6 30. Rcd1 Bxd5 31. exd5 Bd6 32. Qc2 c4 33. bxc4 bxc4 34.
Bc1 Qb3 35. Qf5 e4 36. f4 Qb7 37. g5 Qf7 38. Bg4 Rc7 39. gxf6 Qxf6 40. Qxf6
gxf6 41. Bf5 c3 42. Rd4 Rb8 43. Bxe4 c2 44. Ke2 Rb1 45. Bd2 c1=Q 46. Bxc1 Rbxc1
47. Ra4 R1c4 48. Rxa6 Rxe4 49. Rxd6 Rc3 50. Kf3 Rexe3+ 51. Kg4 Rxh3 52. Rd7
Rxa3 53. Kf5 Ra4 54. d6 Rh5+ 55. Ke6 Re4+ 56. Kxf6 Rxf4+ 57. Ke7 Rf8 58. Rc7
Rf7+ 59. Ke8 Re5+ 60. Re7 Rfxe7+ 61. dxe7 h5  0-1

[Event "2. BUNDESLIGA MITTE 2019/2020"]
[Site "Taufkirchen"]
[Date "2019.11.09"]
[Round "5"]
[Board "1"]
[White "Tratar, Marko"]
[Black "Csonka, Balazs"]
[Result "0-1"]
[WhiteElo "2443"]
[BlackElo "2481"]
[PlyCount "86"]
[EventDate "2019.10.11"]
[EventType "team"]
[EventRounds "11"]
[EventCountry "AUT"]
[WhiteTeam "Frauental"]
[BlackTeam "Schachfreunde Graz"]

1. c4 e6 2. g3 d5 3. Bg2 Nf6 4. Nf3 Be7 5. O-O O-O 6. b3 b6 7. Bb2 c5 8. e3 Nc6
9. Qe2 Ba6 10. Ne5 Nxe5 11. Bxe5 Rc8 12. d3 b5 13. Nd2 Nd7 14. Bb2 bxc4 15.
dxc4 Bf6 16. Rab1 Bxb2 17. Rxb2 Qf6 18. Rc2 dxc4 19. Nxc4 Ne5 20. f4 Nxc4 21.
bxc4 Rb8 22. Rd1 Rfd8 23. Kf2 g6 24. Be4 Rb4 25. Rxd8+ Qxd8 26. h4 Bb7 27. Bxb7
Rxb7 28. Rd2 Qf6 29. h5 Kg7 30. Kg2 Rb1 31. Rd1 Qb2 32. Kf3 Qxe2+ 33. Kxe2 Rxd1
34. Kxd1 gxh5 35. Ke2 Kg6 36. Kf3 Kf5 37. e4+ Kg6 38. Kg2 f6 39. Kh3 e5 40. Kh4
f5 41. exf5+ Kxf5 42. fxe5 Kxe5 43. Kxh5 Kd4  0-1